000
00314cam a2200145ua 4500
001
3723
008
131204n II |||gr||||Z||||||asm
040
_a
MAIN
041
_a
English
082
_a
330 DAS
100
_a
DAS, SAITANATH.
245
_a
PRATHAMIK ARTHABIGYAN (PART-1)
653
_a
Economics
942
_c
BK
999
_c
3710
_d
3710